000 01197nam a2200241Ia 4500
001 18534
003 GE_BSU
008 181216s||||||||xx |||||||||||||| ||und||
020 _aISBN 978-9941-11-481-6
040 _cGE_BSU
080 _a821.111-31
100 _aროთი, ფილიპ.
245 _aამერიკული პასტორალი : [რომანი]
245 _cმთარგმნ. თამარ ლომიძე ; რედ. ირმა ტაველიძე ; დიზაინერი ნინო გურული.
260 _aთბილისი
260 _bდიოგენე,
260 _c2014
300 _a612 გვ;19 სმ
541 _h14ლ.90თ.
653 _aამერიკული პასტორალი : [რომანი]
653 _aშინაარსი:/ფილიპ როთი,ამერიკული პასტორალი,მარგარეტ ეტვუდი,ბრმა მკვლელი,ბოჰუმილ ჰრაბალი,ვემსახურებოდი ინგლისის მეფეს/და სხვა....
942 _cBK
999 _c51543
_d51543